Normal view
MARC view
- التعليم الخاص - الاختبارات والمقاييس التربوية - تعلم - طرق القياس
Entry Topical Term
001 - CONTROL NUMBER
- control field: 23213
003 - CONTROL NUMBER IDENTIFIER
- control field: JO-AjAnu
005 - DATE AND TIME OF LATEST TRANSACTION
- control field: 20230606074008.0
008 - FIXED-LENGTH DATA ELEMENTS
- fixed length control field: 230606|| aca||aabn | a|a d
040 ## - CATALOGING SOURCE
- Original cataloging agency: JO-AjAnu
- Transcribing agency: JO-AjAnu
150 ## - HEADING--TOPICAL TERM
- Topical term or geographic name entry element: التعليم الخاص - الاختبارات والمقاييس التربوية - تعلم - طرق القياس
670 ## - SOURCE DATA FOUND
- Source citation: Work cat.: (JO-AjAnu)11930: الروسان، فاروق, author 23212, أساليب القياس والتشخيص في التربية الخاصة